00460cam a2200121 4500040000800000082002600008110004600034245014300080300004100223500003200264650002000296650002200316 cWaS04a613 HEA 1997 C153 Or.1 aHomestead Welfare Club (Homestead, Iowa).12aA collection of traditional Amana recipes;bfamily-size recipes of the foods prepared and served in the Amana villages for over a century. a120 pages :billustrations ;c23 cm. aCover title: Amana recipes. 0aCooking, German 0aCooking, American